000 00928nam a22001697a 4500
999 _c63398
_d63398
003 Ge_BSU
005 20250930145025.0
008 250930s1975 ge ||||| |||| 00| 0 geo d
041 _ageo
080 _a331.101: 631.15:634.8(479.22) ც-73
100 _aცისკარიშვილი, დიმიტრი
_925905
245 _aშრომის ნაყოფიერების ზრდის რეზერვები მევენახეობის საბჭოთა მეურნეობებში /
_cდიმიტრი ცისკარიშვილი.
264 _aთბილისი :
_bსაბჭ. საქართველო,
_c 1975.
300 _a268 გვ. ;
_b 19 სმ.
653 _aშრომის ნაყოფიერება მევენახეობის საბჭოთა მეურნეობებში
942 _2udc
_cᲬᲘᲒᲜᲘ